| 000 | 00636nam a2200181 i 4500 | ||
|---|---|---|---|
| 001 | 34026 | ||
| 003 | ES-MaACL | ||
| 005 | 20230906154849.0 | ||
| 007 | t| | ||
| 008 | 030204q1976 sp ||||1| spa d | ||
| 100 | 1 |
_aBlanco Freijeiro, Antonio. _929252 |
|
| 245 | 1 | 3 |
_aEl panteón romano de Lucus Augusti / _cAntonio Blanco Freijeiro. |
| 260 |
_a[Lugo : _bPatronato del Bimilenario, _c1976] |
||
| 300 |
_a8 h., 3 lám. ; _c24 cm. |
||
| 500 | _aEs separata de: Actas del Coloquio Internacional sobre el Bimilenario de Lugo, p. 107-122. | ||
| 710 | 2 |
_aPatronato del Bimilenario de Lugo. _96179 |
|
| 852 |
_aES-MaACL _j2116-F-25 _bR.100400 |
||
| 999 |
_c34026 _d34026 |
||